000 00548nam a2200181 i 4500
001 74537
003 ES-MaACL
005 20230906172150.0
007 t|
008 040920s1973 sp |||| | spa d
100 1 _aGonzález Muela, Joaquín.
_958829
245 1 3 _aLa nueva poesía española /
_cJoaquín González Muela.
260 _aMadrid :
_bAlcalá,
_c[1973]
300 _a154 p. ;
_c22 cm.
650 4 _aPoesía española-
_yS.XX-
_xHistoria y crítica.
_916167
650 4 _aPoetas españoles-
_yS.XX.
_9170452
852 _aES-MaACL
_jC-54752
999 _c74537
_d74537